| 000 | 00989cam a22003134a 4500 | ||
|---|---|---|---|
| 999 |
_c10736 _d10736 |
||
| 001 | 41017446 | ||
| 003 | OCoLC | ||
| 005 | 20210303151641.0 | ||
| 008 | 990312s2000 nyub b 001 0 eng | ||
| 010 | _a99022713 | ||
| 020 | _a0446523062 | ||
| 040 |
_aDLC _cDLC _dC#P _dOUN |
||
| 043 | _aa-is--- | ||
| 050 | 0 | 0 |
_aDS119.6 _bN469D |
| 082 | _bN469D | ||
| 100 | 1 | _aNetanyahu, Binyamin | |
| 245 | 1 | 2 |
_aA durable peace : _bIsrael and its place among the nations / _cBenjamin Netanyahu |
| 250 | _aWarner Books ed | ||
| 260 |
_aNew York : _bWarner Books, _cc2000 |
||
| 300 |
_axxiii, 482 p. : _bmaps ; _c24 cm |
||
| 500 | _aRev. ed. of: A place among the nations. 1993 | ||
| 504 | _aIncludes bibliographical references (p. [443]-463) and index | ||
| 650 | 0 | _aArab-Israeli conflict | |
| 650 | 0 |
_aArab-Israeli conflict _y1993- _xPeace |
|
| 650 | 0 |
_aZionism _xHistory |
|
| 651 | 0 |
_aIsrael _xForeign relations |
|
| 700 | 1 |
_aNetanyahu, Binyamin. _tPlace among the nations |
|
| 942 |
_2ddc _cBK |
||